[Event "SUI-chT"]
[Site "Switzerland"]
[Date "2018.06.10"]
[Round "4.5"]
[White "Maeser, Fabian"]
[Black "Kaczmarczyk, Dennis"]
[Result "0-1"]
[WhiteElo "2310"]
[BlackElo "2423"]
[PlyCount "88"]
[EventDate "2018.03.25"]
[EventType "team-tourn"]
[EventRounds "9"]
[EventCountry "SUI"]
[SourceTitle "EXT 2019"]
[Source "ChessBase"]
[SourceDate "2018.10.10"]
[SourceVersion "1"]
[SourceVersionDate "2018.10.10"]
[SourceQuality "1"]
[WhiteTeam "Wollishofen"]
[BlackTeam "Winterthur"]
[WhiteTeamCountry "SUI"]
[BlackTeamCountry "SUI"]

1. Nf3 d5 2. e3 Nf6 3. c4 e6 4. b3 Be7 5. Bb2 0-0 6. Nc3 c5 7. cxd5 exd5 8. d4 Nc6 9. Be2 b6 10. 0-0 Be6 11. Rc1 Rc8 12. dxc5 bxc5 13. Na4 Nd7 14. Qd2 Bd6 15. Rfd1 Qe7 16. Nc3 Nf6 17. Ba6 Rb8 18. Qe1 Nb4 19. Be2 c4 20. Ba1 Nxa2 21. Nxa2 cxb3 22. Bxf6 Qxf6 23. Rc6 Bf5 24. Nd4 Bd7 25. Ra6 bxa2 26. Rxa2 Bb4 27. Qf1 Bc5 28. Bf3 Qe5 29. Ra5 Rfc8 30. g3 Be6 31. Qd3 Qc7 32. Ra6 Bb6 33. Nb5 Qc5 34. Nd4 Rd8 35. Raa1 Rbc8 36. Rab1 Qc4 37. Qa3 Qc5 38. Qa4 g6 39. Nxe6 fxe6 40. Qg4 Qe7 41. h4 Qf6 42. Rd2 Rc4 43. e4 Rf8 44. Kg2 h5 0-1